<?xml version="1.0" encoding="UTF-8"?><?xml-stylesheet type="text/xsl" href="static/style.xsl"?><OAI-PMH xmlns="http://www.openarchives.org/OAI/2.0/" xmlns:xsi="http://www.w3.org/2001/XMLSchema-instance" xsi:schemaLocation="http://www.openarchives.org/OAI/2.0/ http://www.openarchives.org/OAI/2.0/OAI-PMH.xsd"><responseDate>2026-04-17T01:23:54Z</responseDate><request verb="GetRecord" identifier="oai:www.recercat.cat:10459.1/65425" metadataPrefix="marc">https://recercat.cat/oai/request</request><GetRecord><record><header><identifier>oai:recercat.cat:10459.1/65425</identifier><datestamp>2024-12-05T22:08:03Z</datestamp><setSpec>com_2072_3622</setSpec><setSpec>col_2072_479130</setSpec></header><metadata><record xmlns="http://www.loc.gov/MARC21/slim" xmlns:dcterms="http://purl.org/dc/terms/" xmlns:xsi="http://www.w3.org/2001/XMLSchema-instance" xmlns:doc="http://www.lyncode.com/xoai" xsi:schemaLocation="http://www.loc.gov/MARC21/slim http://www.loc.gov/standards/marcxml/schema/MARC21slim.xsd">
   <leader>00925njm 22002777a 4500</leader>
   <datafield ind2=" " ind1=" " tag="042">
      <subfield code="a">dc</subfield>
   </datafield>
   <datafield ind2=" " ind1=" " tag="720">
      <subfield code="a">Arnó Satorra, Jaume</subfield>
      <subfield code="e">author</subfield>
   </datafield>
   <datafield ind2=" " ind1=" " tag="720">
      <subfield code="a">Martínez Casasnovas, José Antonio</subfield>
      <subfield code="e">author</subfield>
   </datafield>
   <datafield ind2=" " ind1=" " tag="720">
      <subfield code="a">Escolà i Agustí, Alexandre</subfield>
      <subfield code="e">author</subfield>
   </datafield>
   <datafield ind2=" " ind1=" " tag="260">
      <subfield code="c">2019-01-08T12:37:39Z</subfield>
   </datafield>
   <datafield ind2=" " ind1=" " tag="260">
      <subfield code="c">2018-05-01</subfield>
   </datafield>
   <datafield ind2=" " ind1=" " tag="260">
      <subfield code="c">2019-01-08T12:37:40Z</subfield>
   </datafield>
   <datafield ind2=" " ind1=" " tag="520">
      <subfield code="a">Avant-títol: Agricultura de Precisión</subfield>
   </datafield>
   <datafield ind2=" " ind1=" " tag="520">
      <subfield code="a">Desde nuestro primer artículo, esta sección ha ido siguiendo el ciclo de la Agricultura de Precisión (AP). Hasta ahora, hemos descrito cómo obtener datos georreferenciados mediante observaciones visuales o a través de sistemas de navegación satelital junto con el monitoreo del suelo y de las cosechas, con sensores. Ese es el propósito de la primera etapa del ciclo de la AP. Debemos tener en cuenta que el objetivo final de la AP es tomar decisiones de manejo más informadas. Para ello, es crucial convertir los datos recopilados durante la etapa 1 en una información útil (etapa 2) y, posteriormente, en decisiones de manejo inteligentes (etapa 3). En este número, describimos cómo convertir los datos en información mediante mapas digitales. En 2018, New Ag International vuelve a asociarse con el Grupo de Investigación de AgróTICa y Agricultura de Precisión (GRAP) de la Universitat de Lleida-Agrotecnio Center. En cada número de la revista Jaume Arnó, José A. Martínez-Casasnovas y Alexandre Escolà, junto a nuestro equipo editorial, redactarán un artículo cuya ambición es ayudar a las diferentes partes interesadas a disminuir la brecha entre la recopilación de datos y la agricultura de mercado.</subfield>
   </datafield>
   <datafield ind1="8" ind2=" " tag="024">
      <subfield code="a">http://hdl.handle.net/10459.1/65425</subfield>
   </datafield>
   <datafield tag="653" ind2=" " ind1=" ">
      <subfield code="a">Agricultura de precisió</subfield>
   </datafield>
   <datafield ind2="0" ind1="0" tag="245">
      <subfield code="a">Cómo obtener y qué hacer con los mapas de colores</subfield>
   </datafield>
</record></metadata></record></GetRecord></OAI-PMH>